El sabor de una imagen: Fotografía de alimentos de alta calidad.
-д хадгалсан:
| Үндсэн зохиолч: | |
|---|---|
| Бусад зохиолчид: | |
| Формат: | Ном |
| Хэвлэсэн: |
Madrid, España:
Anaya Multimedia,
2012.
|
| Цуврал: | PhotoClub.
|
| Нөхцлүүд: | |
| Шошгууд: |
Шошго нэмэх
Шошго байхгүй, Энэхүү баримтыг шошголох эхний хүн болох!
|
MARC
| LEADER | 00000nam a22000007a 4500 | ||
|---|---|---|---|
| 003 | CL-VaPUC | ||
| 005 | 20250407202437.0 | ||
| 008 | 250306t2012 ||||| |||| 00| 0 eng d | ||
| 999 | |c 447130 |d 447128 | ||
| 020 | |a 978-84-415-3187-1 | ||
| 040 | |c Pontificia Universidad Católica de Valparaíso | ||
| 082 | |a 778.9 YOU 2012 | ||
| 100 | |9 896359 |a Young, Nicole S. |e autora | ||
| 245 | |a El sabor de una imagen: |b Fotografía de alimentos de alta calidad. | ||
| 260 | |a Madrid, España: |b Anaya Multimedia, |c 2012. | ||
| 300 | |a 285 páginas: |b fotografías. | ||
| 490 | |a PhotoClub. | ||
| 500 | |a c.1. Instituto Arcos.08-01-2025. | ||
| 583 | |c 20250306 |k Gabriela Rodríguez Cuevas | ||
| 650 | 0 | |9 256203 |a Alimentos |x Fotografía | |
| 650 | 0 | |9 896336 |a Fotografía |x Técnicas digitales | |
| 650 | 0 | |9 316062 |a Procesamiento de imágenes |x Adobe Photoshop | |
| 700 | |9 896361 |a Casanova Fernández, Vanesa |e traductora | ||
| 942 | |2 ddc |c BK |n 0 | ||
| 952 | |0 0 |1 0 |2 ddc |4 0 |6 778_900000000000000_YOU_2012 |7 0 |8 A |9 600664 |a BIBINC |b BIBINC |d 2025-03-06 |e Instituto Arcos |i 5665578 |o 778.9 YOU 2012 |p 5665578 |r 2025-03-06 |t 1 |w 2025-03-06 |y BK |k IFP | ||